000 01978nam a2200277 i 4500
001 164812
003 ES-MaACL
005 20251127164634.0
008 950102s1768 sp f |||| | spa d
100 1 _aSarmiento de Gamboa, Pedro.
_9132483
245 1 0 _aViage al estrecho de Magallanes /
_cpor el capitan Pedro Sarmiento de Gamboa ; en los años 1579 y 1580 ; y noticia de la expedicion que hizo despues para poblarle.
260 _aEn Madrid :
_bEn la Imprenta Real de la Gazeta,
_c1768.
300 _aLXXXIV, 402, [2], XXXIII p., [3] h. de grab. pleg. ;
_c4º.
505 8 _aContiene: Compendio del derrotero de Pedro de Sarmiento / que Bartolomé Leonardo de Argensola sacó y publicó en su Historia de las Malucas, p. XXXIX-LXX. Testimonios de varios autores que hacen mencion de Pedro de Sarmiento, p. LXXI-LXXVIII. Carta del Virréi del Perú Don Francisco de Toledo ..., LXXIX-LXXXIV. Relacion y derrotero del Viage y descubrimiento del Estrecho de la Madre-de-Dios, antes llamado de Magallanes, p. 1-402. Declaracion que de órden del Virréi del Perú ... / hizo ... Tomé Hernandez : de lo sucedido en las dos poblaciones fundadas en el Estrecho de Magallánes por Pedro Sarmiento de Gamboa, p. [2], i-xxxiii
530 _aDisponible en formato digital.
597 _aSign.: A-K4, I², A-Z4, Aa-Zz4, Aaa-Hhh4, Iii³.
597 _aTexto con apostillas marginales.
599 _aLas h. de grab. pleg. son grabados calc.: "Ant. Espinosa f."
651 4 _aMagallanes (Estrecho)-
_xDescubrimientos y exploraciones.
_9136066
700 1 _aHernández, Tomé.
_tDeclaracion que de órden del Virréi del Perú ...
_9127922
700 1 _aToledo, Francisco de,
_cVirrey de Perú
_9133287
700 1 _aLeonardo de Argensola, Bartolomé,
_d1562-1631
_971674
852 _aES-MaACL
_jR-1050
_z- Enc. hol.
_x- Olim: G-7055
856 _uhttp://bdh-rd.bne.es/viewer.vm?id=0000001372&page=1
_zBiblioteca Digital Hispánica
999 _c164812
_d164812